| 000 | 00746cam a2200181 a 4500 | ||
|---|---|---|---|
| 999 |
_c6098 _d6098 |
||
| 020 | _a0070410933 | ||
| 050 | 1 | 0 |
_aQA152.2 _b.M372 |
| 100 | 1 | _aMayes, Robert L. | |
| 245 | 1 | 0 |
_aACT in algebra : _bapplications, concepts, and technology in learning algebra / _cRobert L. Mayes, Lawrence M. Lesser. |
| 250 | _aPrelim. ed. | ||
| 260 |
_aBoston : _bWCB/McGraw-Hill, _cc1998. |
||
| 300 |
_axi, 692 p. : _bill. ; _c28 cm. |
||
| 500 | _aIncludes index. | ||
| 505 | _aPreliminaries; functions; modelling, equationns, and inequalities; algebraic functions; theory of polynomial funcitons; exponential and logarithmic functions; systems of equations and matrix modelling; laboratories. | ||
| 650 | 0 | _aAlgebra. | |
| 700 | 1 | _aLesser, Lawrence M. | |
| 942 | _cBK | ||